01627cam a22003251 450000100060000000300080000600500170001400800410003103500190007204000230009104100130011405100160012706600110014308200270015410001420018124503410032326000470066430000250071150000260073650000530076265000140081565000230082965100310085270000560088370000540093971000470099388001050104088000630114588000930120878628BD-RjUL20211209083144.0700514s1908 le 000 0 eng  a(BD-RjUL)78854 aDLCcDLCdDLCbeng1 aenghara aDS99.D3bA2 c(3c(400a956.9102223bIBH 19081 a ابن القلانسي، ابو يعلى حمزة بن اسد،, -1160 = Ibn al-Qalānisī, Abū Yaʻlá Ḥamzah ibn Asad,d-1160.10aتاريخ ابي يعلى حمزة بن القلانسي : المعرف بذيل تاريخ دمشق = History of Damascus, 363-555 A.H.,cby Ibn al-Qalânisi, from the Bodleian MS. Hunt. 125; being a continuation of the history of Hilãl-al-Sâbi. Edited with extracts from other histories and summary of contents by H. F. Amedroz. a[Beyrut]bCatholic Press of Beyrut,c1908. a395, 48 p.; c25 cm. aAdded t.p. in Arabic. aAlso known under title Dhayl tārīkh Dimashq. 0aCrusades. 0aSyria v Damascus. 0aDamascus (Syria)xHistory.1 aAmedroz, H. F.q(Henry Frederick),d1855-1917,eed.1 aṢābī, Hilāl ibn al-Muḥassin,d970-1056.2 aBodleian Library.kManuscript.nHunt. 125.1 6100-01/(3/r‏a‏إبن القلانسي، أبو يعلى حمزة بن أسد،‏d-1160.106240-02/(3/r‏a‏ذيل تاريخ دمشق.‏lEnglish1 6700-07/(3/r‏a‏صابي، هلال بن المحسن،‏d970-1056.t‏تاريخ.